000 00302nam a22001337a 4500
020 _a978-93-82776-10-9
082 _a894.812
_bJOH/N
100 _aJOSEPH JOHN
245 _aNINGALKUM BEAUTICIANAAKAM
260 _aTHRISSUR
_bH & C BOOKS
_c2012
300 _a96
650 _aSELF CARE
_zKERALA
942 _cBK
999 _c984
_d984